<?xml version="1.0" encoding="UTF-8"?>
<record
    xmlns:xsi="http://www.w3.org/2001/XMLSchema-instance"
    xsi:schemaLocation="http://www.loc.gov/MARC21/slim http://www.loc.gov/standards/marcxml/schema/MARC21slim.xsd"
    xmlns="http://www.loc.gov/MARC21/slim">

  <leader>02672nam a2200301 i 4500</leader>
  <controlfield tag="003">CSPC</controlfield>
  <controlfield tag="005">20260412101052.0</controlfield>
  <controlfield tag="008">260408s2024    nyua     b    001 0 eng d</controlfield>
  <datafield tag="020" ind1=" " ind2=" ">
    <subfield code="a">9781984685322</subfield>
  </datafield>
  <datafield tag="040" ind1=" " ind2=" ">
    <subfield code="a">CSPC</subfield>
    <subfield code="b">eng</subfield>
    <subfield code="c">CSPC</subfield>
    <subfield code="e">rda</subfield>
  </datafield>
  <datafield tag="050" ind1="0" ind2="0">
    <subfield code="a">RM170</subfield>
    <subfield code="b">.N877 2024</subfield>
  </datafield>
  <datafield tag="082" ind1="0" ind2="0">
    <subfield code="a">615.6</subfield>
    <subfield code="b">N937</subfield>
    <subfield code="2">23</subfield>
  </datafield>
  <datafield tag="245" ind1="0" ind2="0">
    <subfield code="a">Nurse digest : </subfield>
    <subfield code="b">intravenous (IV) therapy technique / </subfield>
  </datafield>
  <datafield tag="264" ind1=" " ind2="1">
    <subfield code="a">New York : </subfield>
    <subfield code="b">3G E-Learning, </subfield>
    <subfield code="c">2024.</subfield>
  </datafield>
  <datafield tag="300" ind1=" " ind2=" ">
    <subfield code="a">xii, 259 pages : </subfield>
    <subfield code="b">illustrations ; </subfield>
    <subfield code="c">23 cm. </subfield>
  </datafield>
  <datafield tag="336" ind1=" " ind2=" ">
    <subfield code="2">rdacontent</subfield>
    <subfield code="a">text</subfield>
  </datafield>
  <datafield tag="337" ind1=" " ind2=" ">
    <subfield code="2">rdamedia</subfield>
    <subfield code="a">unmediated</subfield>
  </datafield>
  <datafield tag="338" ind1=" " ind2=" ">
    <subfield code="2">rdacarrier</subfield>
    <subfield code="a">volume</subfield>
  </datafield>
  <datafield tag="504" ind1=" " ind2=" ">
    <subfield code="a">Includes bibliographical references and index.</subfield>
  </datafield>
  <datafield tag="505" ind1="0" ind2=" ">
    <subfield code="a">Introduction to IV therapy -- Anatomy and Physiology of the circulatory system -- Intravenous solutions -- Types of IV catheters -- Blood transfusion therapy -- Preparation for IV insertion -- Intravenous insertion technique -- IV catheter maintenance. </subfield>
  </datafield>
  <datafield tag="520" ind1=" " ind2=" ">
    <subfield code="a">"Intravenous therapy or IV therapy is a medical procedure where liquid substances, such as fluids and medications, are delivered directly into a patient's vein. This can be done intermittently or continuously, with continuous administration being called an intravenous drip. The purpose of IV therapy is to quickly replace fluids and electrolytes, provide medications, and replenish blood volume throughout the body. The nurse is responsible for managing IV therapy by assessing the IV site, preparing and hanging primary and secondary IV bags, calculating IV rates, monitoring the effectiveness of IV therapy, and discontinuing a peripheral IV. IV medications and fluids act rapidly in the body, so it is important to properly prepare and administer them safely to the patient. IV fluid administration requires a medication order from a healthcare provider before it can be initiated. Compared to other routes of administration, such as oral or topical, IV therapy is the fastest way to deliver fluids and medications throughout the body. This is because the substances are delivered directly into the bloodstream, where they can immediately begin to take effect. However, it is important to remember that once a medication enters the vein, its action cannot be terminated. The book "Nurse Digest Intravenous (TV) Therapy Technique" has eight chapters that cover various aspects of IV therapy"-- Back cover.</subfield>
  </datafield>
  <datafield tag="650" ind1=" " ind2="0">
    <subfield code="a">Intravenous therapy.</subfield>
  </datafield>
  <datafield tag="650" ind1=" " ind2="2">
    <subfield code="a">Infusions, Intravenous</subfield>
    <subfield code="x">methods.</subfield>
  </datafield>
  <datafield tag="650" ind1=" " ind2="2">
    <subfield code="a">Infusions, Intravenous</subfield>
    <subfield code="x">nursing.</subfield>
  </datafield>
  <datafield tag="710" ind1="1" ind2=" ">
    <subfield code="a">3G E-Learning.</subfield>
  </datafield>
  <datafield tag="942" ind1=" " ind2=" ">
    <subfield code="2">ddc</subfield>
    <subfield code="n">0</subfield>
    <subfield code="c">BK</subfield>
    <subfield code="e">23</subfield>
    <subfield code="h">615.6</subfield>
    <subfield code="i">N937</subfield>
    <subfield code="k">NUR</subfield>
    <subfield code="m">2024</subfield>
  </datafield>
  <datafield tag="952" ind1=" " ind2=" ">
    <subfield code="0">0</subfield>
    <subfield code="1">0</subfield>
    <subfield code="2">ddc</subfield>
    <subfield code="4">0</subfield>
    <subfield code="7">0</subfield>
    <subfield code="a">CSPC</subfield>
    <subfield code="b">CSPC</subfield>
    <subfield code="c">NUR</subfield>
    <subfield code="d">2026-04-08</subfield>
    <subfield code="l">0</subfield>
    <subfield code="o">NUR 615.6 N937 2024</subfield>
    <subfield code="p">031607</subfield>
    <subfield code="r">2026-04-08 09:44:14</subfield>
    <subfield code="t">1-1</subfield>
    <subfield code="w">2026-04-08</subfield>
    <subfield code="y">BK</subfield>
  </datafield>
  <datafield tag="999" ind1=" " ind2=" ">
    <subfield code="c">32243</subfield>
    <subfield code="d">32243</subfield>
  </datafield>
</record>
